[Event "Barcelona IM 10th"]
[Site "Barcelona"]
[Date "2010.12.30"]
[Round "5"]
[White "Sanchez Ibern, Marc"]
[Black "Forsberg Conde, Martin"]
[Result "1-0"]
[WhiteElo "2314"]
[BlackElo "1992"]
[PlyCount "77"]
[EventDate "2010.12.26"]
[EventType "tourn"]
[EventRounds "9"]
[EventCountry "ESP"]
[EventCategory "3"]
[SourceTitle "CBM 140 Extra"]
[Source "ChessBase"]
[SourceDate "2011.03.01"]
[SourceVersion "1"]
[SourceVersionDate "2011.03.01"]
[SourceQuality "1"]

1. e4 e5 2. Nf3 Nc6 3. d4 exd4 4. Nxd4 Nf6 5. Nxc6 bxc6 6. e5 Ne4 7. Qf3 Ng5 8. Qg3 Ne6 9. Bd3 d5 10. 0-0 Bc5 11. Kh1 0-0 12. Nc3 f5 13. f4 Rb8 14. Qh3 g6 15. Na4 Be7 16. b3 c5 17. Be3 Bd7 18. Rad1 Bxa4 19. bxa4 Qe8 20. g4 Ng7 21. gxf5 Nxf5 22. Bxf5 Rxf5 23. Rxd5 Qxa4 24. Qg2 Rb2 25. Rd2 Qxa2 26. Qe4 a5 27. Rd7 Qe6 28. Rfd1 Rb4 29. Qd5 Qxd5+ 30. R1xd5 Bf8 31. Rd8 Rc4 32. e6 Re4 33. Rxf5 gxf5 34. Bxc5 Rxe6 35. Rxf8+ Kg7 36. Rxf5 Re1+ 37. Kg2 Re2+ 38. Kg3 Rxc2 39. Bd4+ 1-0

[Event "Barcelona IM 10th"]
[Site "Barcelona"]
[Date "2010.12.28"]
[Round "3"]
[White "Forsberg Conde, Martin"]
[Black "Gonzalez Rodriguez, Raul Omar"]
[Result "0-1"]
[WhiteElo "1992"]
[BlackElo "2279"]
[PlyCount "42"]
[EventDate "2010.12.26"]
[EventType "tourn"]
[EventRounds "9"]
[EventCountry "ESP"]
[EventCategory "3"]
[SourceTitle "CBM 140 Extra"]
[Source "ChessBase"]
[SourceDate "2011.03.01"]
[SourceVersion "1"]
[SourceVersionDate "2011.03.01"]
[SourceQuality "1"]

1. e4 c5 2. Nf3 e6 3. d4 cxd4 4. Nxd4 Nf6 5. Nc3 d6 6. Bg5 a6 7. Qd2 Nc6 8. 0-0-0 Bd7 9. f3 b5 10. Nxc6 Bxc6 11. Ne2 Be7 12. h4 Rc8 13. Nd4 Bd7 14. Be2 Qc7 15. g4 0-0 16. h5 e5 17. Bxf6 Bxf6 18. g5 Be7 19. Kb1 exd4 20. Qxd4 Qxc2+ 21. Ka1 Qc5 0-1

[Event "ESP-ch U14"]
[Site "Linares"]
[Date "2010.07.18"]
[Round "9"]
[White "Orantes Taboada, Manuel"]
[Black "Forsberg Conde, Martin"]
[Result "1-0"]
[WhiteElo "1785"]
[BlackElo "2010"]
[PlyCount "83"]
[EventDate "2010.07.13"]
[EventType "swiss"]
[EventRounds "9"]
[EventCountry "ESP"]
[SourceTitle "CBM 137 Extra"]
[Source "ChessBase"]
[SourceDate "2010.09.01"]
[SourceVersion "1"]
[SourceVersionDate "2010.09.01"]
[SourceQuality "1"]

1. e4 e5 2. Nf3 Nc6 3. Bb5 a6 4. Bxc6 dxc6 5. 0-0 Ne7 6. Nxe5 Qd4 7. Nf3 Qxe4 8. Re1 Qg6 9. Ne5 Qf5 10. Qf3 f6 11. Nd3 Qxf3 12. gxf3 Bf5 13. Nc5 b6 14. Ne4 0-0-0 15. d3 Ng6 16. Be3 Bb4 17. c3 Bd6 18. Nbd2 Ne5 19. Nxd6+ Rxd6 20. d4 Nd3 21. Nc4 Re6 22. Re2 Rhe8 23. Rd2 g5 24. b3 Nf4 25. Nb2 Nd5 26. Nd1 Bg6 27. c4 Nf4 28. Nc3 Bh5 29. Bxf4 gxf4 30. Rd3 Rg8+ 31. Kh1 Re3 32. Rxe3 fxe3 33. h4 Bxf3+ 34. Kh2 e2 35. Kh3 f5 36. Re1 f4 37. a3 Bg4+ 38. Kh2 f3 39. Kg3 h5 40. Kf4 Kd7 41. Ne4 b5 42. Nf6+ 1-0

[Event "ESP-ch U14"]
[Site "Linares"]
[Date "2010.07.15"]
[Round "5"]
[White "Ordonez Torres, Maria del Carmen"]
[Black "Forsberg Conde, Martin"]
[Result "0-1"]
[WhiteElo "1871"]
[BlackElo "2010"]
[PlyCount "70"]
[EventDate "2010.07.13"]
[EventType "swiss"]
[EventRounds "9"]
[EventCountry "ESP"]
[SourceTitle "CBM 137 Extra"]
[Source "ChessBase"]
[SourceDate "2010.09.01"]
[SourceVersion "1"]
[SourceVersionDate "2010.09.01"]
[SourceQuality "1"]

1. e4 e5 2. Nf3 Nc6 3. Bb5 a6 4. Ba4 Nf6 5. 0-0 b5 6. Bb3 Bc5 7. c3 d6 8. d4 Bb6 9. a4 Bb7 10. Na3 h6 11. Bc2 exd4 12. cxd4 0-0 13. Re1 Re8 14. d5 Ne5 15. Nxe5 dxe5 16. Be3 Bxe3 17. Rxe3 Qd7 18. Rb3 c6 19. dxc6 Qxc6 20. axb5 axb5 21. Rxb5 Red8 22. Bd3 Ba6 23. Rb3 Rac8 24. h3 Nxe4 25. Qe2 Nc5 26. Bxa6 Nxb3 27. Re1 Rd2 28. Qc4 Rc7 29. Qxb3 Qxa6 30. Qb8+ Qc8 31. Qb5 Qf5 32. Qb6 Rcd7 33. Nc4 Rd1 34. Qe3 Qc2 35. Nb6 Rxe1+ 0-1

[Event "ESP-ch U14"]
[Site "Linares"]
[Date "2010.07.14"]
[Round "3"]
[White "Shen, Yue"]
[Black "Forsberg Conde, Martin"]
[Result "1-0"]
[WhiteElo "1849"]
[BlackElo "2010"]
[PlyCount "153"]
[EventDate "2010.07.13"]
[EventType "swiss"]
[EventRounds "9"]
[EventCountry "ESP"]
[SourceTitle "CBM 137 Extra"]
[Source "ChessBase"]
[SourceDate "2010.09.01"]
[SourceVersion "1"]
[SourceVersionDate "2010.09.01"]
[SourceQuality "1"]

1. e4 e5 2. Nf3 Nc6 3. Bb5 a6 4. Bxc6 dxc6 5. Nc3 Bd6 6. d4 exd4 7. Qxd4 f6 8. Be3 Ne7 9. 0-0-0 Be6 10. Qd2 0-0 11. Bf4 Bxf4 12. Qxf4 Ng6 13. Qg3 Qe7 14. Nd4 Ne5 15. Nxe6 Qxe6 16. f4 Nc4 17. Kb1 Rad8 18. Rhe1 Qe7 19. b3 Qb4 20. Rd3 Na3+ 21. Kb2 Nb5 22. Nxb5 axb5 23. Rxd8 Rxd8 24. Re2 Ra8 25. c3 Qa3+ 26. Kb1 Rd8 27. Qe1 Qd6 28. Qc1 c5 29. e5 Qe6 30. Qe3 Qf5+ 31. Qe4 Qxe4+ 32. Rxe4 fxe5 33. Rxe5 b6 34. Kc2 Ra8 35. Kb2 Kf7 36. g3 Rd8 37. Kc2 Ra8 38. Kb2 Rd8 39. Re2 Kf6 40. Kc2 Ra8 41. Kd3 Rd8+ 42. Ke4 c4 43. g4 g6 44. g5+ Kf7 45. b4 Rd3 46. Rc2 Ke6 47. a3 c6 48. Re2 Kd6 49. Re3 Rd1 50. f5 gxf5+ 51. Kxf5 Rf1+ 52. Kg4 Ra1 53. Kh5 Rxa3 54. h4 c5 55. Kh6 cxb4 56. Kxh7 b3 57. Re1 b2 58. Rb1 Rxc3 59. Rxb2 Rh3 60. Rxb5 Rxh4+ 61. Kg6 Kc6 62. Rb1 b5 63. Kf5 Rh2 64. Rg1 Kd5 65. g6 Rf2+ 66. Kg4 Rf8 67. g7 Rg8 68. Kf3 Kd4 69. Ke2 Kc3 70. Kd1 Kb2 71. Rg2+ Kb1 72. Rg4 Rd8+ 73. Ke2 Re8+ 74. Kd2 Rg8 75. Kc3 Ka2 76. Rg1 b4+ 77. Kxb4 1-0

[Event "ESP-ch U14"]
[Site "Linares"]
[Date "2010.07.13"]
[Round "1"]
[White "Abal Cores, Lucas"]
[Black "Forsberg Conde, Martin"]
[Result "0-1"]
[WhiteElo "1658"]
[BlackElo "2010"]
[PlyCount "82"]
[EventDate "2010.07.13"]
[EventType "swiss"]
[EventRounds "9"]
[EventCountry "ESP"]
[SourceTitle "CBM 137 Extra"]
[Source "ChessBase"]
[SourceDate "2010.09.01"]
[SourceVersion "1"]
[SourceVersionDate "2010.09.01"]
[SourceQuality "1"]

1. e4 e5 2. Nf3 Nc6 3. Bc4 Bc5 4. c3 Nf6 5. d4 exd4 6. cxd4 Bb4+ 7. Nc3 Nxe4 8. 0-0 Bxc3 9. d5 Bf6 10. Re1 Ne7 11. Rxe4 d6 12. Bg5 Bxg5 13. Nxg5 h6 14. Qe2 hxg5 15. Re1 Be6 16. dxe6 f6 17. Re3 d5 18. Rh3 Rxh3 19. gxh3 g6 20. Bd3 Qd6 21. Bxg6+ Nxg6 22. Qh5 0-0-0 23. Qxg6 Qe7 24. Qf5 d4 25. Rd1 Rd6 26. Kf1 Qxe6 27. Qxe6+ Rxe6 28. Rxd4 Rd6 29. Re4 Rd2 30. Re2 Rxe2 31. Kxe2 Kd7 32. Kf3 c5 33. Kg4 b5 34. h4 gxh4 35. Kxh4 b4 36. Kg4 c4 37. Kf4 a5 38. Ke4 a4 39. Kd4 c3 40. bxc3 b3 41. axb3 a3 0-1

[Event "Barcelona op"]
[Site "Barcelona"]
[Date "2009.12.09"]
[Round "5"]
[White "Sanchez Criado, Lluis"]
[Black "Forsberg Conde, Martin"]
[Result "1-0"]
[WhiteElo "2171"]
[BlackElo "1877"]
[PlyCount "103"]
[EventDate "2009.12.05"]
[EventType "swiss"]
[EventRounds "9"]
[EventCountry "ESP"]
[SourceTitle "CBM 133 Extra"]
[Source "ChessBase"]
[SourceDate "2010.01.05"]
[SourceVersion "1"]
[SourceVersionDate "2010.01.05"]
[SourceQuality "1"]

1. d4 d5 2. c4 e6 3. Nc3 Nf6 4. Bg5 Nbd7 5. cxd5 exd5 6. e3 c6 7. Bd3 Be7 8. Qc2 0-0 9. Nf3 Re8 10. 0-0 Nf8 11. Ne5 Nh5 12. Bxe7 Qxe7 13. Rab1 Ng6 14. f4 Nxe5 15. fxe5 Qg5 16. Bxh7+ Kh8 17. Rbe1 g6 18. Rxf7 Bf5 19. Rxf5 gxf5 20. Bxf5 Rg8 21. Be6 Rg7 22. Qf2 Re8 23. Bf7 Rf8 24. e6 Rg6 25. Qe2 Rh6 26. e7 Qxe7 27. Bxh5 Qh4 28. Bf3 Qxh2+ 29. Kf1 Qg3 30. Qf2 Rxf3 31. Qxf3 Rh1+ 32. Ke2 Qxe1+ 33. Kd3 Qf1+ 34. Qxf1 Rxf1 35. e4 dxe4+ 36. Nxe4 Rf7 37. g4 Kg7 38. g5 Kg6 39. a4 b6 40. b4 a6 41. Kc4 Rf1 42. a5 Rc1+ 43. Kb3 bxa5 44. bxa5 Rb1+ 45. Ka4 Rd1 46. Nc5 Rxd4+ 47. Kb3 Kxg5 48. Ne6+ Kf5 49. Nxd4+ Ke5 50. Nxc6+ Kd5 51. Nb4+ Kc5 52. Ka4 1-0

[Event "Barcelona op"]
[Site "Barcelona"]
[Date "2009.12.07"]
[Round "3"]
[White "Prats Rodriguez, Juan Bosco"]
[Black "Forsberg Conde, Martin"]
[Result "0-1"]
[WhiteElo "2074"]
[BlackElo "1877"]
[PlyCount "48"]
[EventDate "2009.12.05"]
[EventType "swiss"]
[EventRounds "9"]
[EventCountry "ESP"]
[SourceTitle "CBM 133 Extra"]
[Source "ChessBase"]
[SourceDate "2010.01.05"]
[SourceVersion "1"]
[SourceVersionDate "2010.01.05"]
[SourceQuality "1"]

1. e4 e5 2. Nf3 Nc6 3. Bc4 Nf6 4. d4 exd4 5. e5 d5 6. Bb5 Ne4 7. Nxd4 Bc5 8. Be3 0-0 9. Nxc6 bxc6 10. Bxc5 Nxc5 11. Bxc6 Rb8 12. 0-0 d4 13. Nd2 Rxb2 14. Nb3 Nxb3 15. axb3 Bf5 16. Rxa7 Rxc2 17. Qf3 Qg5 18. Be4 Bxe4 19. Qxe4 Rc1 20. Qxd4 Rxf1+ 21. Kxf1 Rd8 22. f4 Qh4 23. Qf2 Rd1+ 24. Ke2 Rd2+ 0-1